000 00959nas a2200325 4500
001 BR2011007831
003 BR-BrBNA
005 20231205115818.0
007 ta
008 230509b bl.|||p| |||| 00| 00por d
040 _aBR-BrBNA
_bpor
_cBiblioteca Nacional de Agricultura
041 _a(En)
072 _aL73; L70
100 1 _aPalumbo, M.I.P.
100 1 _aConceição, L.C. da
100 1 _aMachado, L.H. de A.
100 1 _aLourenço, M.L.G.
100 1 _aMoreira, S.A.
100 1 _aLegatti, E.
100 1 _aGutierrez, R.R.
100 1 _aLopes, M.D.
245 1 _aToxic acute hepatitis associated to the administration of prostaglandin in a dog
650 _aCÃO
650 _aDOENÇA ANIMAL
650 _aEFEITO COLATERAL
650 _aVETERINÁRIA
773 0 _tCiência Rural (Brazil)
_xISSN 0103-8478
_g(Sep 2011), v. 41(9) p. 1578-1581
_wBR2011007831
909 _a202311
_bLúcia
_c55
_dLúcia Elande
942 _2AGRIS
_n0
_cANA
999 _c215826
_d215826